000 00515nam a2200181Ia 4500
003 GCL
008 140319s9999 xx 000 0 ara d
040 _aGCL /
_cGCL
082 0 4 _a658.5
_bع م
100 1 _aعادل بركات
245 1 0 _aمحاضرات فى ادارة الانتاج /
_cعادل بركات
700 1 _aاسماعيل ابوالعلا
260 _a[S.N] :
_bدار الفرقان ،
_c1984
300 _a176 ص
490 _a
650 0 4 _aادارة الانتاج
942 _2ddc
_cBK
999 _c42107
_d42107